000 00452nam a22001577a 4500
005 20231218104443.0
008 231218b |||||||| |||| 00| 0 eng d
020 _a9780134579122
040 _aKMU
_cKMU
_dKMU
_erda
050 _aQA 303
100 _aEdwards, Charles Henry
245 _aCalculus with analytics geometry/
_bEdwards, Charles Henry and Penny, David E.
300 _axx, 956 p. :
_bill. ;
_c26 cm.
650 _aCalculus.
942 _2lcc
_cBK
_n0
999 _c913
_d913